00509nam a22001697a 450000500170000001000150001702000260003203500130005803700130007108200080008410000220009224500710011426000330018527000460021830000250026450000500028920140812143714.0 aENG-110361 a9789350621783c425.00 aEN-93893 bDBAD/PUB a368 aGulati, Neelam C. aPrinciples of risk management and insurance /cby Neelam C. Gulati aNew DelhibExcel Booksc2013 aA-45, Naraina, Phase IbNew Delhie110028 axii,532p.c24cm(pbk) aIncludes bibliographical references and index